| 000 | 00616nam a2200229Ia 4500 | ||
|---|---|---|---|
| 003 | OSt | ||
| 005 | 20221002054523.0 | ||
| 006 | a|||||r|||| 00| 0 | ||
| 007 | ta | ||
| 008 | 220930b |||||||| |||| 00| 0 eng d | ||
| 024 | _a64611 | ||
| 037 | _cReference Collections | ||
| 040 |
_aCRL _cCRL _beng |
||
| 041 |
_2eng _aeng |
||
| 082 | _aV1-52:1:I5, L9(RR) | ||
| 245 | 0 | _aGibbon's decline and fall of the Roman empire | |
| 260 |
_aLondon _bBison book _c1979 |
||
| 300 |
_a256p. _ccm. |
||
| 650 | _aHISTORY | ||
| 942 |
_hV1-52:1:I5, L9(RR) _cref _2CC |
||
| 999 |
_c925020 _d925020 |
||